| 000 | 00643nam a2200193 i 4500 | ||
|---|---|---|---|
| 001 | 41237 | ||
| 003 | ES-MaACL | ||
| 005 | 20250728043236.0 | ||
| 007 | t| | ||
| 008 | 030310s1879 sp ||||1| spa d | ||
| 100 | 1 |
_aCarvajal y Hué, José de, _d1834-1899 _935945 |
|
| 245 | 1 | 0 |
_aDiscurso sobre el posibilismo : _bpronunciado en Granada el 27 de abril de 1879 / _cpor José de Carvajal. |
| 260 |
_aMadrid : _b[s.n.], _c1879 ( _fMinuesa) |
||
| 300 |
_a73 p. ; _c22 cm. |
||
| 650 | 7 |
_aDemocracia _2embne _911574 |
|
| 650 | 4 |
_aPartidos políticos- _zEspaña- _yS.XIX. _9138923 |
|
| 852 |
_aES-MaACL _jT-307-F-4 |
||
| 999 |
_c41237 _d41237 |
||